Toward multinational economic cooperation in Africa (Record no. 349382)

000 -LEADER
fixed length control field 00362cam a22001217a 4500
008 - FIXED-LENGTH DATA ELEMENTS--GENERAL INFORMATION
fixed length control field 180718b1972 xxu||||| |||| 00| 0 eng d
082 ## - DEWEY DECIMAL CLASSIFICATION NUMBER
Classification number T19x6 M983
100 ## - MAIN ENTRY--PERSONAL NAME
Personal name Mutharika, B.W.T.
245 ## - TITLE STATEMENT
Title Toward multinational economic cooperation in Africa
Statement of responsibility, etc. by B.W.T. Mutharika
260 ## - PUBLICATION, DISTRIBUTION, ETC.
Place of publication, distribution, etc. New York
Name of publisher, distributor, etc. Praeger
Date of publication, distribution, etc. 1972
300 ## - PHYSICAL DESCRIPTION
Extent 434p.
650 ## - SUBJECT ADDED ENTRY--TOPICAL TERM
Topical term or geographic name entry element Africa - Economic Policy
Holdings
Withdrawn status Lost status Damaged status Not for loan Permanent Location Current Location Date acquired Full call number Barcode Date last seen Price effective from Koha item type
        Indian Institute of Public Administration Indian Institute of Public Administration 1993-10-30 T19x6 M983 47168 2018-07-21 2018-07-21 Book

Powered by Koha